000 00575nam a2200193 i 4500
001 96750
003 ES-MaACL
005 20230906181953.0
007 t|
008 050630s1967 sp |||| | spa d
080 _a173:282(04)
100 1 _aManara, Margherita.
_975908
245 1 4 _aLas etapas de la familia /
_cMargherita Manara ; versión por José Zahonero Vivó.
260 _aAlcoy :
_bMarfil,
_c1967.
300 _a315 p. ;
_c19 cm.
650 4 _aFamilias-
_xAspectos religiosos.
_9172469
700 1 _aZahonero Vivó, José.
_9117851
852 _aES-MaACL
_jC-32852
999 _c96750
_d96750